| 000 | 00704nam a2200265 a 4500 | ||
|---|---|---|---|
| 003 | AR-BaBNM | ||
| 005 | 20251128205720.0 | ||
| 008 | 082120s2002 ||||||||||||||000 | spa|| | ||
| 020 | _a950-503-238-2 | ||
| 040 | _cAR-BaBNM | ||
| 100 | 1 | _aBufano, Alfredo R. | |
| 245 | 0 | 0 | _aAntología |
| 260 |
_aBuenos Aires _bSecretaría de Cultura de la Nación _bEdiciones Theoría _c1994 |
||
| 300 | _a93 p. | ||
| 490 | 0 |
_aIdentidad nacional _vv. 18 |
|
| 650 | 4 | _aLITERATURA ARGENTINA | |
| 650 | 4 | _aPOESIA | |
| 650 | 4 | _aLITERATURA FOLKLORICA | |
| 650 | 4 | _aANTOLOGIAS | |
| 653 | _aINFLUENCIA CLASICA | ||
| 655 | _aLITERATURA | ||
| 700 | 1 |
_aPaz, Abelardo _eprologuista |
|
| 942 | _cBK | ||
| 998 | _cMARTIN | ||
| 999 |
_c12529 _d12529 |
||